[Event "Hoogeveen op 25th"]
[Site "Hoogeveen"]
[Date "2022.10.21"]
[Round "8"]
[White "Ismail, Tamer"]
[Black "Holinka, Henning"]
[Result "1-0"]
[WhiteElo "2018"]
[BlackElo "2245"]
[PlyCount "135"]
[EventDate "2022.10.15"]
[EventType "swiss"]
[EventRounds "9"]
[EventCountry "NED"]
[SourceTitle "CBM 210 Extra"]
[Source "ChessBase"]
[SourceDate "2022.11.30"]
[SourceVersion "1"]
[SourceVersionDate "2022.11.30"]
[SourceQuality "1"]

1. d4 d5 2. c4 e6 3. Nf3 a6 4. Bg5 Be7 5. Bxe7 Qxe7 6. Nbd2 Nf6 7. g3 b6 8. Bg2 Bb7 9. 0-0 Nbd7 10. Rc1 Rc8 11. cxd5 exd5 12. Re1 0-0 13. Bh3 c5 14. Nf1 Rfd8 15. Ne3 g6 16. Qb3 c4 17. Qc2 b5 18. Ne5 Rc7 19. N3g4 Nxg4 20. Nxg4 f5 21. Ne3 Nf6 22. Bg2 Qd6 23. Bf3 b4 24. Qa4 Qb6 25. a3 a5 26. axb4 axb4 27. Nc2 b3 28. Qb4 Rd6 29. Qxb6 Rxb6 30. Ne3 Kf7 31. Nd1 Ra6 32. Nc3 Bc6 33. Ra1 Rca7 34. Rxa6 Rxa6 35. e3 Ke6 36. h3 Ne8 37. Kf1 Nd6 38. Ke2 Ra8 39. Kd2 Ne8 40. Bg2 Nf6 41. f3 Kd6 42. g4 Nd7 43. e4 fxe4 44. fxe4 dxe4 45. d5 Bxd5 46. Nxd5 Ra2 47. Ne3 Kc5 48. Nd1 Nb6 49. Bxe4 Na4 50. Bb1 Ra1 51. Kc1 Kb4 52. Re8 Nc5 53. Rb8+ Ka5 54. Ra8+ Na6 55. Nc3 Kb6 56. Kd2 Ra5 57. Re8 Nc7 58. Re7 h5 59. Bxg6 hxg4 60. hxg4 Ra2 61. Nxa2 bxa2 62. Re1 Nd5 63. Ra1 Nb4 64. Bf7 Kc5 65. Kc3 Kb5 66. Bxc4+ Ka4 67. Bxa2 Nc6 68. Bc4# 1-0

[Event "Hoogeveen op 25th"]
[Site "Hoogeveen"]
[Date "2022.10.19"]
[Round "5"]
[White "Mueer, Sebastian"]
[Black "Ismail, Tamer"]
[Result "1-0"]
[WhiteElo "2177"]
[BlackElo "2018"]
[PlyCount "209"]
[EventDate "2022.10.15"]
[EventType "swiss"]
[EventRounds "9"]
[EventCountry "NED"]
[SourceTitle "CBM 210 Extra"]
[Source "ChessBase"]
[SourceDate "2022.11.30"]
[SourceVersion "1"]
[SourceVersionDate "2022.11.30"]
[SourceQuality "1"]

1. Nf3 Nf6 2. c4 c5 3. Nc3 g6 4. g3 Bg7 5. Bg2 0-0 6. 0-0 Nc6 7. d4 cxd4 8. Nxd4 Nxd4 9. Qxd4 d6 10. Qd3 Rb8 11. Bd2 a6 12. a4 Bd7 13. h3 Bc6 14. e4 Nd7 15. b3 Nc5 16. Qc2 b5 17. axb5 axb5 18. b4 Ne6 19. cxb5 Bxb5 20. Nxb5 Bxa1 21. Rxa1 Rxb5 22. Bf1 Rb8 23. Bc4 Qb6 24. Ra6 Qb7 25. Qd3 Ra8 26. Ra5 Rxa5 27. bxa5 Nc5 28. a6 Qxe4 29. Qxe4 Nxe4 30. Bh6 Rc8 31. Bd5 Nc5 32. a7 e6 33. Bc6 f6 34. Be3 Nd3 35. Bb7 Rf8 36. Bb6 Ne5 37. Bc7 Nc4 38. a8Q Rxa8 39. Bxa8 Kf7 40. Bd8 Ne5 41. Kf1 g5 42. Ba5 d5 43. Bc3 Ng6 44. Bc6 h5 45. Ba4 h4 46. Bc2 f5 47. Bd1 e5 48. Bh5 d4 49. Ba5 hxg3 50. fxg3 Kf6 51. Bd8+ Ne7 52. Be2 Ke6 53. Bc4+ Kd7 54. Ba5 f4 55. h4 Nf5 56. Bb5+ Ke6 57. hxg5 Nxg3+ 58. Kg2 Kf5 59. Bd8 e4 60. Bd7+ Kg6 61. Kh3 d3 62. Kg4 d2 63. Be8+ Kh7 64. Ba4 e3 65. Bc2+ Kg8 66. Ba5 Ne4 67. Kf3 Nxg5+ 68. Kxf4 Ne6+ 69. Kxe3 Kg7 70. Bc3+ Kf7 71. Bxd2 Ke7 72. Ke4 Kd7 73. Ke5 Nc5 74. Kd5 Nb7 75. Bf4 Nd8 76. Ba4+ Kc8 77. Bg3 Nf7 78. Ke6 Nd8+ 79. Ke7 Nc6+ 80. Kd6 Nb8 81. Bd1 Kb7 82. Bf3+ Kc8 83. Bg2 Na6 84. Kc6 Nb8+ 85. Kc5 Nd7+ 86. Kd6 Nb8 87. Bf2 Na6 88. Bh3+ Kb7 89. Bd7 Nb8 90. Bb5 Kc8 91. Kc5 Kb7 92. Bf1 Na6+ 93. Kd5 Nb8 94. Bg2 Kc7 95. Be1 Na6 96. Ba5+ Kc8 97. Kc6 Nb8+ 98. Kb6 Nd7+ 99. Ka7 Nc5 100. Bh3+ Nd7 101. Ka6 Kb8 102. Bxd7 Ka8 103. Bb4 Kb8 104. Bd6+ Ka8 105. Bc6# 1-0

[Event "Hoogeveen op 25th"]
[Site "Hoogeveen"]
[Date "2022.10.17"]
[Round "3"]
[White "Land, Marc"]
[Black "Ismail, Tamer"]
[Result "0-1"]
[WhiteElo "1826"]
[BlackElo "2018"]
[PlyCount "128"]
[EventDate "2022.10.15"]
[EventType "swiss"]
[EventRounds "9"]
[EventCountry "NED"]
[SourceTitle "CBM 210 Extra"]
[Source "ChessBase"]
[SourceDate "2022.11.30"]
[SourceVersion "1"]
[SourceVersionDate "2022.11.30"]
[SourceQuality "1"]

1. e4 e5 2. Nf3 Nc6 3. Nc3 Nf6 4. a3 d6 5. Bb5 Be7 6. 0-0 0-0 7. Re1 Bg4 8. Bxc6 bxc6 9. d3 c5 10. b4 Nd7 11. Be3 cxb4 12. axb4 a6 13. h3 Bh5 14. g4 Bg6 15. Nd5 c6 16. Nxe7+ Qxe7 17. h4 h5 18. g5 f5 19. gxf6 Nxf6 20. Bg5 Qd7 21. Nh2 d5 22. exd5 Nxd5 23. Rxe5 Nf4 24. Bxf4 Rxf4 25. Rg5 Bf7 26. Qd2 Qd4 27. Rf1 Bd5 28. Qe3 Rxh4 29. Qxd4 Rxd4 30. c4 Bf7 31. Rc5 Rxd3 32. Rxc6 Rb3 33. Ra1 Rb8 34. Rcxa6 R8xb4 35. Rd6 Rxc4 36. Rad1 g5 37. f3 Kg7 38. Kg2 Rf4 39. R6d3 Rbb4 40. Nf1 Be6 41. Ng3 Rb2+ 42. R1d2 Rxd2+ 43. Rxd2 Bf7 44. Rd7 Kh6 45. Rd4 Rxd4 46. Nf5+ Kg6 47. Nxd4 Kf6 48. Kg3 Ke5 49. Ne2 Bc4 50. f4+ Kf5 51. Nd4+ Ke4 52. Nc2 h4+ 53. Kf2 Kxf4 54. Ne3 Be6 55. Ng2+ Kg4 56. Ne3+ Kh3 57. Nc2 g4 58. Nd4 g3+ 59. Kg1 Bc8 60. Nc2 Kg4 61. Ne3+ Kf3 62. Nf1 h3 63. Nd2+ Kg4 64. Nf1 Ba6 0-1

[Event "BEL-chT 2122"]
[Site "Belgium"]
[Date "2021.10.24"]
[Round "1.7"]
[White "Ismail, Tamer"]
[Black "Kabos, Tobias"]
[Result "0-1"]
[WhiteElo "2005"]
[BlackElo "2327"]
[PlyCount "64"]
[EventDate "2021.10.24"]
[EventType "team-tourn"]
[EventRounds "11"]
[EventCountry "BEL"]
[SourceTitle "EXT 2023"]
[Source "ChessBase"]
[SourceDate "2022.10.05"]
[SourceVersion "1"]
[SourceVersionDate "2022.10.05"]
[SourceQuality "1"]
[WhiteTeam "Borgerhout"]
[BlackTeam "Liege Crelel"]
[WhiteTeamCountry "BEL"]
[BlackTeamCountry "BEL"]

1. d4 d5 2. c4 dxc4 3. Nf3 Nf6 4. Nc3 a6 5. a4 Nc6 6. e3 Na5 7. Ne5 Be6 8. e4 c6 9. Be3 g6 10. Be2 Bg7 11. Qc2 0-0 12. 0-0 Nd7 13. Nf3 Bg4 14. Rad1 e6 15. h3 Bxf3 16. Bxf3 f5 17. Ne2 fxe4 18. Qxe4 Nf6 19. Qxe6+ Kh8 20. Bd2 Nd5 21. Bxd5 cxd5 22. Nf4 Nc6 23. Qg4 Rf5 24. Rfe1 Qf6 25. g3 Kg8 26. Be3 Qf7 27. Kg2 h5 28. Qe2 Re8 29. Qc2 Nb4 30. Qd2 a5 31. h4 Bh6 32. Nxd5 Qxd5+ 0-1

[Event "Brasschaat op 18th"]
[Site "Brasschaat"]
[Date "2018.08.24"]
[Round "7"]
[White "Follesa, Enrico"]
[Black "Ismail, Tamer"]
[Result "1-0"]
[WhiteElo "1856"]
[BlackElo "1999"]
[PlyCount "65"]
[EventDate "2018.08.18"]
[EventType "swiss"]
[EventRounds "9"]
[EventCountry "BEL"]
[SourceTitle "CBM 186 Extra"]
[Source "ChessBase"]
[SourceDate "2018.08.24"]
[SourceVersion "1"]
[SourceVersionDate "2018.08.24"]
[SourceQuality "1"]

1. e4 d6 2. d4 Nf6 3. f3 e5 4. d5 Be7 5. c4 h6 6. Nc3 Nh5 7. g3 Bg5 8. f4 Bxf4 9. Bxf4 Nxf4 10. gxf4 Qh4+ 11. Kd2 Qxf4+ 12. Kc2 Na6 13. a3 Nc5 14. Bd3 Bd7 15. Nge2 Qf6 16. Rg1 g6 17. b4 Nxd3 18. Qxd3 0-0-0 19. b5 Qh4 20. a4 Rdg8 21. Qe3 Kb8 22. b6 cxb6 23. a5 f5 24. axb6 a6 25. c5 Rc8 26. c6 Bxc6 27. dxc6 Rxc6 28. Rxg6 Qxe4+ 29. Qxe4 fxe4 30. Rb1 d5 31. Rxc6 bxc6 32. Na4 c5 33. Nec3 1-0

[Event "Brasschaat op 18th"]
[Site "Brasschaat"]
[Date "2018.08.21"]
[Round "4"]
[White "Ismail, Tamer"]
[Black "Gottfried, Jonathan"]
[Result "1-0"]
[WhiteElo "1999"]
[BlackElo "1784"]
[PlyCount "75"]
[EventDate "2018.08.18"]
[EventType "swiss"]
[EventRounds "9"]
[EventCountry "BEL"]
[SourceTitle "CBM 186 Extra"]
[Source "ChessBase"]
[SourceDate "2018.08.24"]
[SourceVersion "1"]
[SourceVersionDate "2018.08.24"]
[SourceQuality "1"]

1. e4 c5 2. Nf3 d6 3. d4 cxd4 4. Nxd4 Nf6 5. f3 e5 6. Nb3 Be7 7. c4 0-0 8. Be3 Nc6 9. Be2 Be6 10. Nc3 Na5 11. Nd5 Nxd5 12. cxd5 Bd7 13. Nd2 b6 14. b4 Nb7 15. Ba6 Rb8 16. Rc1 f5 17. 0-0 f4 18. Bf2 Bc8 19. Qc2 Rf7 20. Qc6 Bf8 21. Rc2 Nc5 22. Bxc8 Rxc8 23. Qb5 Nd7 24. Rfc1 Rxc2 25. Rxc2 Nf6 26. Qc6 Nh5 27. a4 Qg5 28. Qc8 Rf6 29. Qd8 Ng3 30. b5 Qh4 31. hxg3 fxg3 32. Be3 Qh2+ 33. Kf1 Qh4 34. Qd7 Rxf3+ 35. Nxf3 Qxe4 36. Qe6+ Kh8 37. Qf7 Qd3+ 38. Re2 1-0

[Event "Brasschaat op 17th"]
[Site "Brasschaat"]
[Date "2017.08.24"]
[Round "6"]
[White "Van Elven, Erik"]
[Black "Ismail, Tamer"]
[Result "0-1"]
[WhiteElo "1912"]
[BlackElo "2105"]
[PlyCount "72"]
[EventDate "2017.08.19"]
[EventType "swiss"]
[EventRounds "9"]
[EventCountry "BEL"]
[SourceTitle "CBM 180 Extra"]
[Source "ChessBase"]
[SourceDate "2017.10.06"]
[SourceVersion "1"]
[SourceVersionDate "2017.10.06"]
[SourceQuality "1"]

1. e4 d6 2. d4 Nf6 3. Nc3 e5 4. Nf3 Nbd7 5. Bc4 Be7 6. h3 c6 7. a4 Qc7 8. 0-0 0-0 9. dxe5 dxe5 10. Be3 Nc5 11. Bxc5 Bxc5 12. Qe2 Nh5 13. Rfd1 Qe7 14. Rd2 Qf6 15. Nh2 Nf4 16. Qf3 Qg5 17. Rad1 Bxh3 18. Bf1 h5 19. Ne2 Be6 20. Nxf4 exf4 21. Be2 g6 22. Qc3 Bb6 23. Bc4 Qc5 24. Bxe6 Qxc3 25. Bxf7+ Rxf7 26. bxc3 Re8 27. Re2 Rfe7 28. Rd6 Kg7 29. Nf3 Bc5 30. Rd3 Rxe4 31. Rxe4 Rxe4 32. Rd7+ Kf8 33. Rxb7 Rxa4 34. Ne5 Ra1+ 35. Kh2 Ke8 36. Nxc6 Bxf2 0-1

[Event "BEL-ch U18"]
[Site "Blankenberge"]
[Date "2017.04.13"]
[Round "7"]
[White "Ismail, Tamer"]
[Black "Capone, Nicola"]
[Result "0-1"]
[WhiteElo "2080"]
[BlackElo "2349"]
[PlyCount "206"]
[EventDate "2017.04.09"]
[EventType "swiss"]
[EventRounds "9"]
[EventCountry "BEL"]
[SourceTitle "CBM 178 Extra"]
[Source "ChessBase"]
[SourceDate "2017.06.22"]
[SourceVersion "1"]
[SourceVersionDate "2017.06.22"]
[SourceQuality "1"]

1. e4 c5 2. Nf3 d6 3. d4 Nf6 4. Nc3 cxd4 5. Nxd4 a6 6. Bg5 Nbd7 7. f4 Qc7 8. Qf3 b5 9. 0-0-0 Bb7 10. Bd3 g6 11. g4 Bg7 12. Nb3 0-0 13. h4 b4 14. Ne2 e5 15. f5 d5 16. Ng3 Rfc8 17. Rh2 a5 18. Bxf6 Nxf6 19. g5 Nxe4 20. Nxe4 dxe4 21. Bxe4 Bxe4 22. Qxe4 a4 23. Na1 gxf5 24. Qxf5 a3 25. Qe4 axb2+ 26. Kxb2 Qc3+ 27. Kb1 Qa3 28. Qd5 e4 29. Qb3 Rc3 30. Qxa3 Rcxa3 31. Rhd2 Bc3 32. Rd8+ Kg7 33. Rxa8 Rxa8 34. Nb3 e3 35. Nc1 Kg6 36. Rd3 Bd2 37. Ne2 Ra6 38. Rd5 h6 39. Nf4+ Kh7 40. Rd7 hxg5 41. hxg5 Kg8 42. Re7 Kf8 43. Re4 Kg7 44. Re7 Kf8 45. Re4 Kg7 46. Re7 Kf8 47. Re4 Rd6 48. Kb2 Rc6 49. Kb3 Rc3+ 50. Kb2 Rc6 51. Kb3 Kg8 52. Nd5 Rc5 53. Nxb4 Rxg5 54. Nc6 Rb5+ 55. Kc4 Rb2 56. Kd3 Rxa2 57. Ne7+ Kf8 58. Nf5 Ra3+ 59. Ke2 Rc3 60. Nxe3 Bxe3 61. Rxe3 Rxc2+ 62. Kf3 Rh2 63. Kf4 Kg7 64. Ra3 Kg6 65. Ra6+ f6 66. Kg4 Rb2 67. Kf4 Rb4+ 68. Kf3 Rh4 69. Kg3 Rh1 70. Kg4 Rg1+ 71. Kf4 Rb1 72. Kg4 Rb4+ 73. Kf3 Kg5 74. Ra5+ f5 75. Kg3 Rb3+ 76. Kf2 Kg4 77. Ra8 Rc3 78. Rb8 Rd3 79. Ra8 Rf3+ 80. Kg2 Rc3 81. Kf2 Rc2+ 82. Kf1 Rc3 83. Kf2 Rf3+ 84. Kg2 Rb3 85. Kf2 Rb2+ 86. Kf1 f4 87. Rf8 Kg3 88. Rf7 Rb1+ 89. Ke2 Rb2+ 90. Kf1 Ra2 91. Rf8 Kf3 92. Kg1 Ra1+ 93. Kh2 Re1 94. Rf7 Re4 95. Kg1 Re1+ 96. Kh2 Rd1 97. Rf8 Rf1 98. Rf7 Ke2 99. Re7+ Kf2 100. Ra7 Re1 101. Ra2+ Re2 102. Ra3 Kf1+ 103. Kh3 Re3+ 0-1

[Event "BEL-ch U18"]
[Site "Blankenberge"]
[Date "2017.04.10"]
[Round "2"]
[White "Ismail, Tamer"]
[Black "Moerman, Thomas"]
[Result "1-0"]
[WhiteElo "2080"]
[BlackElo "1803"]
[PlyCount "92"]
[EventDate "2017.04.09"]
[EventType "swiss"]
[EventRounds "9"]
[EventCountry "BEL"]
[SourceTitle "CBM 178 Extra"]
[Source "ChessBase"]
[SourceDate "2017.06.22"]
[SourceVersion "1"]
[SourceVersionDate "2017.06.22"]
[SourceQuality "1"]

1. e4 c5 2. Nf3 e6 3. d3 Nc6 4. g3 d6 5. Bg2 Nf6 6. 0-0 Be7 7. Nbd2 0-0 8. Re1 e5 9. c3 Qc7 10. a4 Bd7 11. Nc4 Rfe8 12. h3 a6 13. Ne3 Bf8 14. Nh4 b5 15. Nef5 Ne7 16. Bg5 Ng6 17. Bxf6 gxf6 18. axb5 axb5 19. Qh5 Be6 20. d4 Ra7 21. Rxa7 Qxa7 22. d5 Bxf5 23. Nxf5 Ra8 24. Qg4 Qb8 25. h4 Kh8 26. h5 Ne7 27. Ne3 Bh6 28. Qf3 Bg5 29. Ng4 Ng8 30. Rf1 c4 31. Qe2 Qa7 32. Kh2 Nh6 33. f4 Nxg4+ 34. Qxg4 Bh6 35. Qh4 Qe7 36. fxe5 Bg5 37. exf6 Qe5 38. Qg4 Bxf6 39. Rf5 Qe7 40. Qf3 Be5 41. Rxf7 Qh4+ 42. Kg1 Qxg3 43. Qxg3 Bxg3 44. Rb7 Ra5 45. Bh3 Kg8 46. Bd7 Be5 1-0

[Event "Flandern-ch Expert"]
[Site "Ghent"]
[Date "2016.05.05"]
[Round "1"]
[White "Roos, Adrian"]
[Black "Ismail, Tamer"]
[Result "1-0"]
[WhiteElo "2250"]
[BlackElo "2089"]
[PlyCount "81"]
[EventDate "2016.05.05"]
[EventType "swiss"]
[EventRounds "7"]
[EventCountry "BEL"]
[SourceTitle "EXT 2017"]
[Source "ChessBase"]
[SourceDate "2016.10.25"]
[SourceVersion "1"]
[SourceVersionDate "2016.10.25"]
[SourceQuality "1"]

1. d4 d6 2. Nf3 Nd7 3. c4 e5 4. Nc3 g6 5. e4 Bg7 6. Be2 Ngf6 7. 0-0 0-0 8. Re1 exd4 9. Nxd4 Nc5 10. Bf1 Ne6 11. Nc2 a5 12. f3 Nd7 13. Nb5 Ndc5 14. Rb1 Be5 15. Be3 c6 16. Nbd4 Nxd4 17. Nxd4 Ne6 18. Qd2 Qf6 19. Red1 a4 20. Nxe6 Qxe6 21. f4 Bg7 22. Bd3 Re8 23. Re1 Bd7 24. Rbc1 Rec8 25. Bb1 b5 26. cxb5 cxb5 27. Bd4 Rxc1 28. Rxc1 Rc8 29. Rd1 Bxd4+ 30. Qxd4 Rc4 31. Qb6 Kg7 32. b3 axb3 33. axb3 Rc8 34. b4 Qf6 35. f5 Qe5 36. Rf1 g5 37. Qb7 Qe8 38. f6+ Kg8 39. Ba2 h6 40. e5 dxe5 41. Qe4 1-0

[Event "Brasschaat op 15th"]
[Site "Brasschaat"]
[Date "2015.08.16"]
[Round "2"]
[White "Ismail, Tamer"]
[Black "Van der Stricht, Jan"]
[Result "1/2-1/2"]
[WhiteElo "2127"]
[BlackElo "1859"]
[PlyCount "52"]
[EventDate "2015.08.15"]
[EventType "swiss"]
[EventRounds "9"]
[EventCountry "BEL"]
[SourceTitle "EXT 2016"]
[Source "ChessBase"]
[SourceDate "2015.10.08"]
[SourceVersion "1"]
[SourceVersionDate "2015.10.08"]
[SourceQuality "1"]

1. e4 d6 2. d4 Nf6 3. f3 e5 4. d5 Be7 5. Be3 c6 6. c4 a5 7. Nc3 Na6 8. Bd3 Nd7 9. Nge2 Ndc5 10. Bc2 0-0 11. a3 Bd7 12. Rb1 cxd5 13. exd5 Bc8 14. b4 axb4 15. axb4 Nd7 16. 0-0 f5 17. f4 g6 18. Ra1 Bf6 19. Bb3 Rb8 20. fxe5 Bxe5 21. Ra4 Nb6 22. Ra5 Nd7 23. Rb5 Nc7 24. Ra5 Na6 25. Rb5 Nc7 26. Ra5 Na6 1/2-1/2

[Event "Maastricht Limburg op-A 9th"]
[Site "Maastricht"]
[Date "2015.05.23"]
[Round "3"]
[White "Ismail, Tamer"]
[Black "Weiler, Wolfgang"]
[Result "1/2-1/2"]
[WhiteElo "2093"]
[BlackElo "2121"]
[PlyCount "43"]
[EventDate "2015.05.22"]
[EventType "swiss"]
[EventRounds "7"]
[EventCountry "NED"]
[SourceTitle "CBM 166 Extra"]
[Source "ChessBase"]
[SourceDate "2015.06.18"]
[SourceVersion "1"]
[SourceVersionDate "2015.06.18"]
[SourceQuality "1"]

1. e4 g6 2. d4 Bg7 3. Nc3 c5 4. Nf3 cxd4 5. Nxd4 Nc6 6. Be3 Nf6 7. Bc4 0-0 8. 0-0 Nxe4 9. Nxe4 d5 10. Nxc6 bxc6 11. Bd3 dxe4 12. Bxe4 Ba6 13. Re1 Bxb2 14. Rb1 Bc3 15. Qxd8 Rfxd8 16. Red1 Bc4 17. Bxc6 Rxd1+ 18. Rxd1 Rc8 19. Bd5 Be2 20. Rb1 Rd8 21. Bf3 Bxf3 22. gxf3 1/2-1/2

[Event "BEL-ch U16"]
[Site "Blankenberge"]
[Date "2015.04.12"]
[Round "1"]
[White "Verboven, Arnout"]
[Black "Ismail, Tamer"]
[Result "0-1"]
[WhiteElo "1525"]
[BlackElo "2071"]
[PlyCount "60"]
[EventDate "2015.04.12"]
[EventType "swiss"]
[EventRounds "9"]
[EventCountry "BEL"]
[SourceTitle "CBM 166 Extra"]
[Source "ChessBase"]
[SourceDate "2015.06.18"]
[SourceVersion "1"]
[SourceVersionDate "2015.06.18"]
[SourceQuality "1"]

1. e4 d6 2. d4 Nf6 3. Nc3 e5 4. dxe5 dxe5 5. Qxd8+ Kxd8 6. Bc4 Ke8 7. Bg5 c6 8. 0-0-0 Be7 9. f3 Nbd7 10. Nge2 a6 11. Ng3 g6 12. h4 h5 13. Nge2 b5 14. Bb3 a5 15. a4 b4 16. Nb1 Ba6 17. Rhe1 Rc8 18. Nd2 Nb6 19. Be3 Nfd7 20. g3 Nc5 21. f4 Ncxa4 22. fxe5 Nc5 23. Nd4 a4 24. Ba2 b3 25. Bb1 a3 26. N4xb3 axb2+ 27. Kxb2 Nca4+ 28. Ka1 Bb4 29. Bxb6 Bc3+ 30. Ka2 Nxb6 0-1

[Event "EU-ch U14 24th"]
[Site "Batumi"]
[Date "2014.10.23"]
[Round "5"]
[White "Ismail, Tamer"]
[Black "Semjonovs, Vsevolods"]
[Result "1-0"]
[WhiteElo "2075"]
[BlackElo "1666"]
[PlyCount "81"]
[EventDate "2014.10.19"]
[EventType "swiss"]
[EventRounds "9"]
[EventCountry "GEO"]
[SourceTitle "EXT 2015"]
[Source "ChessBase"]
[SourceDate "2014.11.20"]
[SourceVersion "1"]
[SourceVersionDate "2014.11.20"]
[SourceQuality "1"]

1. c4 c5 2. Nc3 Nc6 3. g3 g6 4. Bg2 Bg7 5. d3 d6 6. e4 Bd7 7. Nge2 Qc8 8. a3 Nf6 9. Rb1 a5 10. 0-0 h6 11. Bd2 Ne5 12. Bf4 Nh5 13. Bxe5 Bxe5 14. Nd5 Qd8 15. Qd2 a4 16. f4 Bg7 17. h3 Nf6 18. Ne3 Nh7 19. g4 0-0 20. Ng3 Bd4 21. Ne2 Bg7 22. Qe1 e6 23. Kh1 Re8 24. Ng1 Rb8 25. f5 exf5 26. gxf5 b5 27. fxg6 fxg6 28. Qg3 Re6 29. cxb5 Rxb5 30. Nc4 Be8 31. Nf3 Rb3 32. Nfd2 Rb8 33. b3 axb3 34. Nxb3 Bf7 35. Nba5 Ra8 36. Nb3 Ra4 37. Nbd2 Ng5 38. Nb3 Ra6 39. Nxc5 dxc5 40. Rb8 Qxb8 41. Qxb8+ 1-0

[Event "Vlissingen HZ op 18th"]
[Site "Vlissingen"]
[Date "2014.08.02"]
[Round "1"]
[White "Ismail, Tamer"]
[Black "Zelbel, Patrick"]
[Result "0-1"]
[WhiteElo "1890"]
[BlackElo "2410"]
[PlyCount "42"]
[EventDate "2014.08.02"]
[EventType "swiss"]
[EventRounds "9"]
[EventCountry "NED"]
[SourceTitle "CBM 161 Extra"]
[Source "ChessBase"]
[SourceDate "2014.08.29"]
[SourceVersion "1"]
[SourceVersionDate "2014.08.29"]
[SourceQuality "1"]

1. Nf3 g6 2. g3 Bg7 3. Bg2 c5 4. 0-0 Nc6 5. c3 e5 6. e4 Nge7 7. d3 d6 8. Nbd2 0-0 9. a4 h6 10. Nc4 f5 11. Rb1 Be6 12. Ne3 f4 13. Nc2 g5 14. Re1 Qe8 15. b4 cxb4 16. cxb4 Qf7 17. b5 Na5 18. d4 Bb3 19. d5 fxg3 20. fxg3 g4 21. Nd2 Qf2+ 0-1

[Event "Maastricht Limburg op-B 8th"]
[Site "Maastricht"]
[Date "2014.06.09"]
[Round "7"]
[White "Staudte, Rainer"]
[Black "Ismail, Tamer"]
[Result "0-1"]
[WhiteElo "1915"]
[BlackElo "1873"]
[PlyCount "66"]
[EventDate "2014.06.06"]
[EventType "swiss"]
[EventRounds "7"]
[EventCountry "NED"]
[SourceTitle "EXT 2015"]
[Source "ChessBase"]
[SourceDate "2014.11.20"]
[SourceVersion "1"]
[SourceVersionDate "2014.11.20"]
[SourceQuality "1"]

1. d4 d6 2. c4 e5 3. dxe5 dxe5 4. Qxd8+ Kxd8 5. Nf3 f6 6. Nc3 c6 7. Bd2 Kc7 8. 0-0-0 Be6 9. e3 Nd7 10. Kb1 Nc5 11. e4 g6 12. Be2 Nh6 13. h3 Nf7 14. b4 Nd7 15. a3 a5 16. bxa5 Bxa3 17. Nd5+ Bxd5 18. cxd5 Bc5 19. Be1 Nd6 20. Nd2 Bb4 21. f3 Bxa5 22. Rc1 c5 23. Nc4 Bxe1 24. Rhxe1 Nxc4 25. Bxc4 b5 26. Ba2 c4 27. Re2 Nc5 28. Rd2 Kd6 29. Bxc4 bxc4 30. Rxc4 Rhb8+ 31. Rb2 Rxb2+ 32. Kxb2 g5 33. g4 Ra7 0-1

[Event "BEL-ch U14"]
[Site "Blankenberge"]
[Date "2014.04.18"]
[Round "8"]
[White "Ismail, Tamer"]
[Black "Vandeputte, Samuel"]
[Result "1-0"]
[WhiteElo "1877"]
[BlackElo "1407"]
[PlyCount "111"]
[EventDate "2014.04.??"]
[EventType "swiss"]
[EventRounds "9"]
[EventCountry "BEL"]
[SourceTitle "EXT 2015"]
[Source "ChessBase"]
[SourceDate "2014.11.20"]
[SourceVersion "1"]
[SourceVersionDate "2014.11.20"]
[SourceQuality "1"]

1. e4 d5 2. exd5 Nf6 3. d4 Nxd5 4. Nf3 Bg4 5. Be2 e6 6. Ne5 Bxe2 7. Qxe2 Be7 8. 0-0 0-0 9. b3 Nd7 10. Nxd7 Qxd7 11. c4 Nb6 12. Bb2 c6 13. Nd2 Bf6 14. Nf3 Qc7 15. Qe3 a5 16. a4 Be7 17. Rad1 Rfe8 18. Ne5 Nd7 19. Rfe1 Bb4 20. Re2 Nxe5 21. Qxe5 Qxe5 22. Rxe5 Red8 23. Re3 Rd7 24. Red3 Rad8 25. f4 f6 26. Kf2 e5 27. Ke3 exd4+ 28. Bxd4 c5 29. Ba1 Rxd3+ 30. Rxd3 Rxd3+ 31. Kxd3 Kf7 32. Ke4 Ke6 33. f5+ Kd6 34. g4 h6 35. Bb2 Bd2 36. h3 b6 37. Kd3 Bg5 38. Bc3 Bf4 39. Ke4 Bg3 40. Bd2 Be5 41. Be1 Kc6 42. h4 Kd6 43. Bd2 Kc6 44. g5 hxg5 45. hxg5 Kd6 46. g6 Kc6 47. Bh6 Kd7 48. Bxg7 Ke7 49. Bh6 Bg3 50. Kd5 Bh4 51. Bf4 Kf8 52. Kc6 Bg5 53. Bd6+ Ke8 54. Kxb6 Bh6 55. Kxa5 Kd7 56. Bxc5 1-0

[Event "BEL-ch U14"]
[Site "Blankenberge"]
[Date "2014.04.16"]
[Round "5"]
[White "Beukema, Jasper"]
[Black "Ismail, Tamer"]
[Result "1-0"]
[WhiteElo "1844"]
[BlackElo "1877"]
[PlyCount "181"]
[EventDate "2014.04.??"]
[EventType "swiss"]
[EventRounds "9"]
[EventCountry "BEL"]
[SourceTitle "EXT 2015"]
[Source "ChessBase"]
[SourceDate "2014.11.20"]
[SourceVersion "1"]
[SourceVersionDate "2014.11.20"]
[SourceQuality "1"]

1. e4 c5 2. Nc3 a6 3. f4 e6 4. Nf3 Nc6 5. Bc4 b5 6. Be2 d5 7. d3 d4 8. Nb1 Nf6 9. 0-0 Be7 10. Qe1 0-0 11. a4 Bb7 12. Na3 Qb6 13. Qg3 Kh8 14. Qh3 Nd7 15. f5 exf5 16. Qxf5 Bc8 17. Ng5 Bxg5 18. Qxg5 Qd8 19. Qd5 Bb7 20. Rxf7 Rxf7 21. Qxf7 Qe7 22. Qxe7 Nxe7 23. Bg5 Ng6 24. Rf1 Bc6 25. Bg4 Nde5 26. axb5 axb5 27. Be6 h6 28. Bf4 Rf8 29. Bxe5 Rxf1+ 30. Kxf1 Nxe5 31. Ke2 g5 32. c3 dxc3 33. bxc3 Ng6 34. g3 Kg7 35. Ke3 Kf6 36. Bb3 Ne5 37. h3 Bd7 38. d4 cxd4+ 39. cxd4 Ng6 40. e5+ Nxe5 41. dxe5+ Kxe5 42. h4 gxh4 43. gxh4 Kf5 44. Kf3 Bc6+ 45. Kg3 Bd7 46. Bd1 Be8 47. Nc2 Ke4 48. Be2 Bd7 49. Bf1 Be8 50. Kg4 Ke5 51. Kf3 Bd7 52. Bd3 Be8 53. Ke3 Bd7 54. Nd4 b4 55. Bc2 Be8 56. Bb3 Bd7 57. Nc2 Kf5 58. Kf3 Kg6 59. Nxb4 Kg7 60. Nd3 Bc6+ 61. Kf4 Be8 62. Ke5 Bd7 63. Nf4 Bg4 64. Bc2 Bc8 65. Bf5 Ba6 66. Bd3 Bc8 67. Nd5 Bb7 68. Ne3 Bc8 69. Bf5 Bb7 70. Ke6 Bc8+ 71. Ke7 Bb7 72. Ng4 Bf3 73. Nf6 Bc6 74. Nh5+ Kh8 75. Kf6 Bb5 76. Nf4 Be8 77. Ne6 Bh5 78. Ng7 Be2 79. Kg6 h5 80. Ne6 Bd1 81. Nf4 Kg8 82. Kf6 Bf3 83. Bg6 Bd1 84. Bxh5 Bc2 85. Bf7+ Kh8 86. Be6 Bd1 87. Kg6 Bc2+ 88. Kh6 Be4 89. h5 Bc2 90. Bg4 Be4 91. Ng6+ 1-0

[Event "BEL-ch U14"]
[Site "Blankenberge"]
[Date "2014.04.15"]
[Round "4"]
[White "Ismail, Tamer"]
[Black "Pauwels, Xander"]
[Result "1/2-1/2"]
[WhiteElo "1877"]
[BlackElo "1810"]
[PlyCount "36"]
[EventDate "2014.04.??"]
[EventType "swiss"]
[EventRounds "9"]
[EventCountry "BEL"]
[SourceTitle "EXT 2015"]
[Source "ChessBase"]
[SourceDate "2014.11.20"]
[SourceVersion "1"]
[SourceVersionDate "2014.11.20"]
[SourceQuality "1"]

1. e4 e6 2. d4 d5 3. Nc3 Nf6 4. Bg5 Bb4 5. e5 h6 6. Bd2 Bxc3 7. bxc3 Ne4 8. Qg4 Kf8 9. Bd3 Nxd2 10. Kxd2 c5 11. Nf3 c4 12. Be2 Nc6 13. h4 b5 14. Rhb1 a6 15. Qf4 Rb8 16. g4 a5 17. a3 Qe7 18. Qe3 Bd7 1/2-1/2